000
00320nam a2200145Ia 4500
100
_a
Taylor /G. A
650
_a
Economics
942
_c
BK
654
_a
Economy
245
_a
Managerial & Engineering Economy
260
_b
Van Nostrand
_a
New Delhi
_c
1969
082
_a
658.40302
300
_a
487
546
_a
ENGLISH
999
_c
28663
_d
28663